RÉSEAU & SÉCURITÉ - Statistiques

Statistiques générales
  • Ce quiz a été pris 18 fois
  • Le résultat moyen est 16 sur 18
Statistiques - réponses
Question Réponse % Correct
Un service inutile actif sur un serveur : Augmente la surface d’attaque
100%
Tu détectes des connexions SSH suspectes depuis l’étranger. Bloquer IP / analyser logs
100%
Pourquoi utiliser SSH avec clé plutôt que mot de passe ? Ça empêche les attaques brute force
100%
Le principe du “moindre privilège” signifie : Donner le minimum nécessaire
100%
Un serveur web est accessible en HTTP uniquement. Le problème ? Pas sécurisé (pas de chiffrement)
100%
Pourquoi analyser les logs ? Pour détecter des comportements suspects
100%
Pourquoi créer des comptes utilisateurs séparés ? Pour tracer et limiter les accès
100%
Une sauvegarde sert à : Restaurer en cas de problème
100%
Un utilisateur n’a pas accès à un fichier. Tu fais quoi ? Tu vérifies les permissions
100%
Une vulnérabilité est : Une faiblesse exploitable
100%
Un port ouvert inutile représente : Une vulnérabilité potentielle
100%
Une mise à jour système sert principalement à : Corriger des vulnérabilités
92%
Un VLAN sert principalement à : Segmenter un réseau
92%
Un IDS sert à : Détecter les intrusions
85%
Un firewall “deny all” signifie : Tout est bloqué sauf règles autorisées
85%
Un admin veut réduire la surface d’attaque d’un serveur. Que doit-il faire en priorité ? Désactiver les services inutiles
62%
Un exploit est : Un code qui utilise une faille
62%
Un IPS sert à : Bloquer les attaques
31%
Aucun quiz correspondant
Distribution des résultats
% des personnes avec chaque résultat
Percentile par nombre de réponses
Votre historique - résultats
Vous n’avez pas pris ce quiz